000
00250nam a22001097a 4500
008
160511b xxu||||| |||| 00| 0 eng d
020
_a
0735556563
041
_a
eng
080
_a
003.2
245
_a
Legal writing:
_c
Linda H. Edwards;
942
_2
udc
_c
BK
999
_c
2043
_d
2043